| 000 | 00643nam a22001697a 4500 | ||
|---|---|---|---|
| 020 | _qHard Cover. | ||
| 082 | _a621.3 | ||
| 100 | _aAhsan Shafique ; Myra Khalid ; Rabbia Amir | ||
| 245 |
_aDEEP-Device for Early Evaluation of Pulmonary Diseases / _cAhsan Shafique ; Myra Khalid ; Rabbia Amir |
||
| 260 |
_aIslamabad : _bSEECS - NUST, _c2014. |
||
| 300 |
_a56 p. : ill. ; _c30cm. |
||
| 650 | _aElectrical (Electronics) Engineering-Project Report. | ||
| 700 |
_aDr. Hammad Mehmood Cheema. _919852 |
||
| 856 | _uhttp://10.250.8.41:8080/xmlui/handle/123456789/30532 | ||
| 942 |
_2ddc _cPR |
||
| 999 |
_c536207 _d536207 |
||